Normal view
MARC view
- Hair, Jr. Joseph
Entry Personal Name
001 - CONTROL NUMBER
- control field: 119939
003 - CONTROL NUMBER IDENTIFIER
- control field: NUST
005 - DATE AND TIME OF LATEST TRANSACTION
- control field: 20240118153654.0
008 - FIXED-LENGTH DATA ELEMENTS
- fixed length control field: 240118|| aca||aabn | a|a d
040 ## - CATALOGING SOURCE
- Original cataloging agency: NUST
- Transcribing agency: NUST
100 ## - HEADING--PERSONAL NAME
- Personal name: Hair, Jr. Joseph
670 ## - SOURCE DATA FOUND
- Source citation: Work cat.: (NUST)342785: Lukas, Bryan A. 119935, Marketing research /, 2003.
